| 000 | 01008 a2200193 4500 | ||
|---|---|---|---|
| 003 | Nust | ||
| 005 | 20221031102608.0 | ||
| 010 | _a 84015319 | ||
| 020 | _a0471085286 : | ||
| 040 | _cNust | ||
| 082 | 0 | 0 | _a621.3192,CHO |
| 100 | 1 |
_aChoma, John, _9101822 |
|
| 245 | 1 | 0 |
_aElectrical networks : _btheory and analysis / _cJohn Choma, Jr. |
| 260 |
_aNew York : _bWiley, _cc1985. |
||
| 300 |
_axx, 773 p. : _bill. ; _c25 cm. |
||
| 505 | _aMatrix Methods of Analysis (Page-1), Introductory Graph Theory (Page-36), Topological Network Analysis (Page-75), Multiport Network Analysis (Page-152), Circuits Analysis (Page-226), Linearzed Analysis of Nonlinear Networks (Page-306),Sensitivity Analysis of Linear Networks (Page-363), Performance Estimations of Linear Active Circuits (Page-422), Circuits Analysis and Design (Page-479), Signal Flow and Feedback (Page-556), Network Interstaging (Page-642), Characteristics of Linear Active Devices (Page-713), | ||
| 650 | 0 |
_aElectric networks. _941311 |
|
| 942 |
_2ddc _cBK |
||
| 999 |
_c180786 _d180786 |
||